000 00789nam a2200181Ia 4500
008 151202s9999||||xx |||||||||||||| ||und||
082 _bPNVM-60558
100 _aअर्ल स्टनले गार्डनर अनु. भावे अर्पणा.
245 _aखुळखुळारी हाडे.
260 _bस्वप्न प्रकाशन पुणे.
260 _c60558
300 _a216
600 _aअर्ल स्टनले गार्डनर अनु. भावे अर्पणा.
630 _aखुळखुळारी हाडे.
700 _aअर्ल स्टनले गार्डनर अनु. भावे अर्पणा.
730 _aखुळखुळारी हाडे.
942 _cBOOK
999 _c1327092
_d1327089